Sports Quiz

Random Sports Quiz
Score 0/45 Timer 10:00
0 Plays Today
% Correct
Robbie Gray
91%
Ollie Wines
90.3%
Chad Wingard
88.9%
Justin Westhoff
88.9%
Travis Boak
88.2%
Charlie Dixon
87.5%
Hamish Hartlett
86.8%
Brad ****
84%
Sam Gray
83.3%
Sam Powell-Pepper
82.6%
Paddy Ryder
81.3%
Jackson Trengove
80.6%
Jarman Impey
79.9%
Jasper Pittard
79.2%
Jake Neade
77.1%
Matthew Broadbent
75%
Matthew Lobbe
73.6%
Karl Amon
72.9%
Jared Polec
72.2%
Angus Monfries
72.2%
Tom Jonas
70.1%
Aaron Young
69.4%
Matthew White
68.8%
% Correct
Todd Marshall
68.1%
Tom Clurey
62.5%
Jack Hombsch
59%
Darcy Byrne-Jones
57.6%
Riley Bonner
56.9%
Jimmy Toumpas
54.9%
Dan Houston
54.2%
Billy Frampton
52.8%
Dougal Howard
49.3%
Nathan Krakouer
47.9%
Willem Drew
47.2%
Brendon Ah Chee
47.2%
Joe Atley
45.8%
Logan Austin
44.4%
Jesse Palmer
40.3%
Aidyn Johnson
40.3%
Brett Eddy
40.3%
Emmanuel Irra
36.1%
Will Snelling
35.4%
Peter Ladhams
28.5%
Jarrod Lienert
27.1%
Cameron Hewett
18.8%
Remove Ads.
Support Sporcle.
Get the best of Sporcle when you Go Orange. This ad-free experience offers more features, more stats, and more fun while also helping to support Sporcle. Thank you for becoming a member.

You're not logged in!

Compare scores with friends on all Sporcle quizzes.
OR
Log In

Show Comments

Extras

Top Quizzes Today


Score Distribution

Your Account Isn't Verified!

In order to create a playlist on Sporcle, you need to verify the email address you used during registration. Go to your Sporcle Settings to finish the process.

Report this User

Report this user for behavior that violates our Community Guidelines.

Details: